Flora Malesiana dipterocarpaceae
| Main Author: | |
|---|---|
| Format: | Book |
| Published: |
[s.l. :
s.n.] ,
1982
|
| Subjects: |
MARC
| LEADER | 00000cam a2200000 7i4500 | ||
|---|---|---|---|
| 001 | 0000000630 | ||
| 005 | 20040413.0 | ||
| 090 | 0 | 0 | |a 583.624 |b ASH 1982 |
| 100 | 1 | 0 | |a ASHTON |h Peter Shaw |
| 245 | 1 | 0 | |a Flora Malesiana dipterocarpaceae |c P. S. Ashton |
| 260 | 0 | 0 | |a [s.l. : |b s.n.] , |c 1982 |
| 300 | |a [237-552]p. : |b ill., maps ; |c 30 x 21 cm. | ||
| 650 | 0 | 0 | |a Dipterocarpaceae |
| 650 | 0 | 0 | |a Trees |
| 998 | |a JPSM | ||
| 999 | |a 0000001673 |b Monograph |c Reference |e Default branch | ||
| 999 | |a 0000001674 |b Monograph |c Open Shelf |e Default branch | ||